The Cambridge encyclopedia of life sciences / (Record no. 9453)
[ view plain ]
| 000 -LEADER | |
|---|---|
| fixed length control field | 00970nac a22002771u 4500 |
| 010 ## - | |
| -- | 84001829 |
| 020 ## - INTERNATIONAL STANDARD BOOK NUMBER | |
| International Standard Book Number | 0521256968 |
| 082 00 - DEWEY DECIMAL CLASSIFICATION NUMBER | |
| Classification number | 574 |
| Item number | LIF |
| 090 ## - LOCALLY ASSIGNED LC-TYPE CALL NUMBER (OCLC); LOCAL CALL NUMBER (OCLC) | |
| -- | 9453 |
| -- | 9453 |
| 100 ## - MAIN ENTRY--PERSONAL NAME | |
| Personal name | 20080729 |
| 245 04 - TITLE STATEMENT | |
| Title | The Cambridge encyclopedia of life sciences / |
| Statement of responsibility, etc | general editors, Adrian Friday, David S. Ingram. |
| 260 ## - | |
| -- | Cambridge [Cambridgeshire] ; |
| -- | New York : |
| -- | Cambridge University Press,1985. |
| -- | c1985. |
| 300 ## - PHYSICAL DESCRIPTION | |
| Extent | 432 p. : |
| Other physical details | ill. (some col.) ; |
| Dimensions | 29 cm. |
| 336 ## - CONTENT TYPE | |
| Source | rdacontent |
| Content type term | text |
| Content type code | txt |
| 337 ## - MEDIA TYPE | |
| Media type term | unmediated |
| Source | rdamedia |
| Media type code | n |
| 338 ## - CARRIER TYPE | |
| Carrier type term | volume |
| Carrier type code | nc |
| Source | rdacarrier |
| 500 ## - GENERAL NOTE | |
| General note | Distributer: Al-Ahram |
| 504 ## - BIBLIOGRAPHY, ETC. NOTE | |
| Bibliography, etc | Includes bibliographies and indexes. |
| 511 ## - | |
| -- | Catalogued by: Sara |
| 650 #0 - SUBJECT ADDED ENTRY--TOPICAL TERM | |
| Topical term or geographic name as entry element | Biology. |
| 650 #0 - SUBJECT ADDED ENTRY--TOPICAL TERM | |
| Topical term or geographic name as entry element | Ecology. |
| 700 1# - ADDED ENTRY--PERSONAL NAME | |
| Personal name | Friday, A. E. |
| 700 1# - ADDED ENTRY--PERSONAL NAME | |
| Personal name | Ingram, David S. |
| 856 42 - ELECTRONIC LOCATION AND ACCESS | |
| Materials specified | Publisher description |
| Uniform Resource Identifier | <a href="http://www.loc.gov/catdir/description/cam031/84001829.html">http://www.loc.gov/catdir/description/cam031/84001829.html</a> |
| 942 ## - ADDED ENTRY ELEMENTS (KOHA) | |
| Koha item type | NB - Book (Non borrowing) |
| Call number prefix | 574LIF |
| Classification part | RDA-MOD |
| Withdrawn status | Lost status | Damaged status | Not for loan | Home library | Current library | Shelving location | Date acquired | Source of acquisition | Total Checkouts | Full call number | Barcode | Date last seen | Date checked out | Price effective from | Koha item type |
|---|---|---|---|---|---|---|---|---|---|---|---|---|---|---|---|
| Central Library | Central Library | First floor | 08/05/2013 | Purchase | 1 | 574LIF | 000011485 | 15/07/2025 | 26/01/2009 | 13/05/2008 | NB - Book (Non borrowing) |